[Event "Leiden SB-ch 1819"]
[Site "Leiden"]
[Date "2019.06.21"]
[Round "9"]
[White "Agaian, Jura"]
[Black "Vroom, Ton"]
[Result "1-0"]
[WhiteElo "1755"]
[BlackElo "1211"]
[PlyCount "27"]
[EventDate "2018.10.19"]
[EventType "swiss"]
[EventRounds "9"]
[EventCountry "NED"]
[SourceTitle "EXT 2023"]
[Source "ChessBase"]
[SourceDate "2022.10.05"]
[SourceVersion "1"]
[SourceVersionDate "2022.10.05"]
[SourceQuality "1"]

1. e4 e5 2. Nf3 Nc6 3. Bb5 Nf6 4. Nc3 Bc5 5. Bxc6 bxc6 6. Nxe5 0-0 7. d4 Bb4 8. Qf3 Bb7 9. Bg5 d6 10. Ng4 Bc8 11. Nxf6+ gxf6 12. Bxf6 Qd7 13. h3 h6 14. Qg3+ 1-0